00765nam a2200181 a 450000100100000000500170001000800410002702000180006804000250008610000330011124500790014426000350022330000210025850000720027995201050035195201100045699900170056600001132220200929162421.0091016s2007 dr 000 0 spa d a9789945408119 aDO-SdBNPbspacBNPHU1 aCollado, W. B.d1962-92691814aLas escuelas y nuestros hijos :bcamino a la universidad /cW. B. Collado. aSanto Domingo :bargos,c2007. a103 p. ;c22 cm. aIncluye datos biográficos del autor en las solapas de la cubierta 0010718PDaPDbPDcHDd2009-10-16iLF1l0o p11322-10r2020-06-25w2020-06-25yLFPDZNo se presta 0010718PDaPDbPDcHDd2009-10-16iLF1l0o p11322-20r2020-06-25te.2w2020-06-25yLFPDZNo se presta c11029d11029